000 01638nam0a2200313 i 4500
001 RU\NLR\bibl\2069872
005 20260408105733.0
021 _aRU
_b2013-60268
_94139
035 _a(nilc)RuMoRGB-006616829
035 _a(NLR Aleph) 002056238
090 _a4665193
_c4665193
100 _a20130805d2013 u y0rusy50 ca
101 0 _arus
102 _aRU
105 _aa zzzz|||||
200 1 _aОкулировка
_eучебно-методическое пособие
_fМ-во сел. хоз-ва Рос. Федерации, Рос. гос. аграрный ун-т МСХА им. К.А. Тимирязева, Каф. плодоводства
_g[Ю.В. Воскобойников и др.]
210 _aМосква
_cРГАУ-МСХА
_d2013
_eМосква
_gРоссийский гос. аграрный ун-т - МСХА им. К. А. Тимирязева
215 _a39 с.
_cил.
_d20
606 1 _aОкулировка
_jУчебно-методические пособия для высших учебных заведений
_91094438
_3RU\NLR\auth\66110660
686 _aП252.453.3я73
702 1 _aВоскобойников
_bЮ. В.
_gЮрий Валерьевич
_4220
712 0 2 _4570
_aРоссийский государственный аграрный университет - МСХА им. К. А. Тимирязева
_bКафедра плодоводства
_3RU\NLR\AUTH\8810245932
_9377719
801 0 _aRU
_bRuMoRKP
_c20130805
_gRCR
801 2 _aRU
_bРГБ
_c20130806
801 1 _aRU
_bRuMoRKP
_c20130805
_2rusmarc
801 2 _aRU
_bNLR
_c20130909
_grcr
942 _cBOOK
980 _aNBR